Biggest Cities on Each Country A-Z #1 - Statistics

General Stats
  • This quiz has been taken 9 times
  • The average score is 67 of 130
Answer Stats
Letter Country % Correct
F | H | I | +11 others -
100%
A Atlanta
88%
B Beijing
88%
C Chennai
88%
C Chicago
88%
D Dallas
88%
D Delhi
88%
G Guangzhou
88%
I Indianapolis
88%
K Kansas City
88%
K Kolkata
88%
L Los Angeles
88%
M Mumbai
88%
N New York
88%
S San Francisco
88%
S Shanghai
88%
T Tokyo
88%
A Ahmedabad
75%
B Boston
75%
H Hiroshima
75%
H Houston
75%
H Hyderabad
75%
J Jacksonville
75%
M Miami
75%
M Moscow
75%
N Nagoya
75%
O Osaka
75%
P Philadelphia
75%
S Saint Petersburg
75%
W Washington
75%
W Wuhan
75%
B Bangalore
63%
C Chelyabinsk
63%
C Chengdu
63%
E El Paso
63%
N Novosibirsk
63%
O Omsk
63%
P Pune
63%
S Sapporo
63%
S Surat
63%
Y Yekaterinburg
63%
F Fukuoka
50%
H Hangzhou
50%
J Jaipur
50%
K Kazan
50%
L Lucknow
50%
N Nanjing
50%
O Orlando
50%
P Perm
50%
Q Qingdao
50%
R Raleigh
50%
R Rostov
50%
U Urumqi
50%
V Virginia Beach
50%
X Xiamen
50%
Y Yokohama
50%
Z Zhengzhou
50%
F Fuzhou
38%
J Jinan
38%
K Kunming
38%
N Nagpur
38%
Q Quincy
38%
T Tampa
38%
T Tianjin
38%
U Ufa
38%
V Voronezh
38%
A Anshan
25%
A Astrakhan
25%
C Chiba
25%
D Dalian
25%
F Fresno
25%
G Greensboro
25%
G Grozny
25%
I Indore
25%
I Izhevsk
25%
R Rajkot
25%
T Tyumen
25%
V Visakhapatnam
25%
Y Yonkers
25%
B Barnaul
13%
E Ezhou
13%
G Gwalior
13%
K Kitakyushu
13%
L Linyi
13%
T Tiruppur
13%
A Amagasaki
0%
B Beppu
0%
D Daito
0%
D Dzerzhinsk
0%
E Ebina
0%
E Engels
0%
E Erode
0%
F Faridabad
0%
G Gifu
0%
I Ichikawa
0%
J Joetsu
0%
L Lipetsk
0%
M Matsuyama
0%
M Mianyang
0%
O Ongole
0%
P Pingdingshan
0%
R Rizhao
0%
U Ujjain
0%
U Utsunomiya
0%
W Wakayama
0%
W Warangal
0%
Y Yamunanagar
0%
Y Yiwu
0%
Z Zama
0%
Z Zlatoust
0%
No matching quizzes found
Score Distribution
Percent of People with Each Score
Percentile by Number Answered
Your Score History
You have not taken this quiz